Original Fruit Skittles Quiz Stats

 Plays Quiz Updated Sep 20, 2016

Score 0/5 Timer 00:30
3 Plays Today
% Correct
Lemon
90.9%
Green apple
90.3%
Orange
87.5%
Strawberry
85.6%
Grape/Blackcurrant
83.8%

You're not logged in!

Compare scores with friends on all Sporcle quizzes.
OR
Log In

Show Comments

Extras

Top Quizzes Today


Score Distribution

Your Account Isn't Verified!

In order to create a playlist on Sporcle, you need to verify the email address you used during registration. Go to your Sporcle Settings to finish the process.

Report this User

Report this user for behavior that violates our Community Guidelines.

Details: